00472 2200193 4500001002100000005001500021008004100036020002200077035001900099041000700118082001000125090001600135100001300151245002900164260003000193300003000223500001100253650001400264INLIS00000000000148320241224112346241224||||||||| | ||| |||| || |  a978-979-054-209-9 0010-1224001483 aid0 a614.4 a614.4 ANA m0 aAnandita00aMengenal Jenis Imunisasi aCiawi-BogorbQuadrac2010 avi, 72 hlm.; ilus.: 22 cm aCet. 1 0akesehatan